El socialismo del campo / (Record no. 164428)

MARC details
000 -LEADER
campo de control de longitud fija 00712nam a22001695i 4500
001 - NÚMERO DE CONTROL
campo de control 164428
003 - IDENTIFICADOR DE NÚMERO DE CONTROL
campo de control ES-MaACL
005 - FECHA Y HORA DE LA ÚLTIMA TRANSACCIÓN
campo de control 20230906212932.0
008 - DATOS DE LONGITUD FIJA--INFORMACIÓN GENERAL
campo de control de longitud fija 951113s1894 sp |||| | spa d
040 ## - FUENTE DE CATALOGACIÓN
Centro catalogador/agencia de origen CLM
Lengua de catalogación spa
Centro/agencia transcriptor CCPB | SIC
100 1# - ENTRADA PRINCIPAL--NOMBRE DE PERSONA
Nombre de persona Salcedo Ruiz, Ángel.
9 (RLIN) 101855
245 13 - MENCIÓN DEL TÍTULO
Título El socialismo del campo /
Mención de responsabilidad, etc. escrita por Angel Salcedo y Ruiz.
260 ## - PUBLICACIÓN, DISTRIBUCIÓN, ETC.
Lugar de publicación, distribución, etc. Madrid :
Nombre del editor, distribuidor, etc. [s.n.],
Fecha de publicación, distribución, etc. 1894 (
Fabricante Imprenta y Litografía de los Huérfanos)
300 ## - DESCRIPCIÓN FÍSICA
Extensión 112 p. ;
Dimensiones 27 cm.
500 #1 - NOTA GENERAL
Nota general Memoria premiada por la Real Academia de Ciencias Morales y Políticas en el concurso ordinario de 1893.
852 ## - LOCALIZACIÓN
Ubicación ES-MaACL
Número de control de estantería F-M-III-O (IX)
Nota libre -- Enc. pasta española
condición física -- Falto de la cub. original
Nota libre -- Enc. en un vol. facticio
Holdings
Estatus retirado Estado de pérdida Estado de daño No para préstamo Colección Biblioteca de origen Biblioteca actual Ubicación en estantería Fecha de adquisición Fuente de adquisición Total de préstamos Signatura topográfica completa Código de barras Visto por última vez Precio de reemplazo Tipo de ítem Koha
        Libros del s. XIX Biblioteca del Ateneo de Madrid Biblioteca del Ateneo de Madrid Administración 17/01/2008     F-M-III-O (IX) 1172350 23/02/2023 23/02/2023 Libro impreso antiguo